007890000a2200205000450024501530000065000100015365000160016365000190017965000240019865000190022265100370024165300490027865300400032765300550036765300570042204100140047910000240049326000090051777300570052610aScorpions de Colombie: les faunes des régions de Santa Marta et de la cordillére Orientale, approche biogéographique ()14aFauna14aEscorpiones14aBiogeografía14aCordillera oriental14afilogenética 4pColombiadMagdalenamSanta Marta gAnanteriseAnateris columbianusvescorpión gTityuseTytius tayronavescorpión fButhidaegTityuseTityus nematochirusvescorpión fChactidaegChactaseChactas keyserlingivescorpión0 aFrancés1 aLourenco, Wilson R. c19911 tSenckenbergiana Biologica32h4-6q275-288d1991g71